KOHA-Header-6

High Performance Computing (Record no. 6955)

000 -LEADER
fixed length control field 00253nam a2200109Ia 4500
100 ## - MAIN ENTRY--AUTHOR NAME
Personal name Gary W. Sabot
245 #0 - TITLE STATEMENT
Title High Performance Computing
260 ## - PUBLICATION, DISTRIBUTION, ETC. (IMPRINT)
Place of publication USA
Name of publisher Pearson
Year of publication 1995
300 ## - PHYSICAL DESCRIPTION
Number of Pages 246
942 ## - ADDED ENTRY ELEMENTS (KOHA)
Koha item type Books
Holdings
Withdrawn status Lost status Collection code Permanent Location Current Location Shelving location Date acquired Full call number Accession Number Koha item type
    Electrical Engineering MAJU MAJU Shelf No.A25 2019-09-11 5.445 494 Electrical Engineering

Powered by Koha